|
|
|
|
| LEADER |
02125nam a2200565 a 4500 |
| 001 |
nkc20051581917 |
| 003 |
CZ PrNK |
| 005 |
20051213102629.0 |
| 007 |
ta |
| 008 |
050914s2005 xr a e f 000 0 cze |
| 015 |
|
|
|a cnb001581917
|
| 020 |
|
|
|a 80-903631-2-1
|q (brož.) :
|c neprodejné
|
| 035 |
|
|
|a (OCoLC)85162454
|
| 040 |
|
|
|a BOA001
|b cze
|d ABA001
|
| 043 |
|
|
|a e-xr---
|
| 072 |
|
7 |
|a 364-1/-7
|x Druhy sociální pomoci a služeb
|2 Konspekt
|9 18
|
| 080 |
|
|
|a 364-5-154
|2 MRF
|
| 080 |
|
|
|a 364-154
|2 MRF
|
| 080 |
|
|
|a 37.0:364-154
|2 MRF
|
| 080 |
|
|
|a 364-7
|2 MRF
|
| 080 |
|
|
|a 006.83
|2 MRF
|
| 080 |
|
|
|a (437.3)
|2 MRF
|
| 080 |
|
|
|a (035)
|2 MRF
|
| 100 |
1 |
|
|a Novák, Tomáš,
|d 1979-
|7 mzk2005304426
|4 aut
|
| 245 |
1 |
0 |
|a Standardy kvality sociálních služeb v komunitních centrech /
|c Tomáš Novák, Etel Smékalová, Marek Lauermann
|
| 250 |
|
|
|a 1. vyd.
|
| 260 |
|
|
|a Praha :
|b Nová škola,
|c 2005
|
| 300 |
|
|
|a 65 s. :
|b il. ;
|c 23 cm
|
| 500 |
|
|
|a 250 výt.
|
| 504 |
|
|
|a Obsahuje bibliografické odkazy
|
| 650 |
0 |
7 |
|a komunitní centra
|7 ph314824
|z Česko
|2 czenas
|
| 650 |
0 |
7 |
|a komunitní práce
|7 ph172908
|z Česko
|2 czenas
|
| 650 |
0 |
7 |
|a komunitní vzdělávání
|7 ph309603
|z Česko
|2 czenas
|
| 650 |
0 |
7 |
|a sociální služby
|7 ph125812
|z Česko
|2 czenas
|
| 650 |
0 |
7 |
|a normy jakosti
|7 ph119933
|z Česko
|2 czenas
|
| 650 |
0 |
9 |
|a community centers
|z Czechia
|2 eczenas
|
| 650 |
0 |
9 |
|a community work
|z Czechia
|2 eczenas
|
| 650 |
0 |
9 |
|a community education
|z Czechia
|2 eczenas
|
| 650 |
0 |
9 |
|a social service
|z Czechia
|2 eczenas
|
| 650 |
0 |
9 |
|a quality standards
|z Czechia
|2 eczenas
|
| 655 |
|
7 |
|a příručky
|7 fd133209
|2 czenas
|
| 655 |
|
9 |
|a handbooks and manuals
|2 eczenas
|
| 700 |
1 |
|
|a Smékalová, Eleonora,
|d 1955-
|7 mzk2005304437
|4 aut
|
| 700 |
1 |
|
|a Lauermann, Marek,
|d 1973-
|7 jn20000401608
|4 aut
|
| 856 |
4 |
1 |
|u http://www.digitalniknihovna.cz/mzk/uuid/uuid:f4726260-60a6-11f0-b9f6-5ef3fc9bb22f
|y Digitalizovaný dokument
|x NDK
|
| 910 |
2 |
|
|a BOA001
|b 2-1158.203
|
| 990 |
|
|
|a BK
|
| 995 |
|
|
|a 01
|
| 991 |
|
|
|b 200510
|c NOV
|
| 996 |
6 |
|
|b 2610260305
|c 2-1158.203
|l MZK
|r Sklad / do 1 hodiny
|n 12
|p p.v.
|w 000790994
|u 000010
|a 1
|e BOA001
|j MZK50
|s P
|